Christian cosmology : (Record no. 95011)

MARC details
000 -LEADER
fixed length control field 00696nam a22002177a 4500
005 - DATE AND TIME OF LATEST TRANSACTION
control field 20150908144546.0
010 ## - LCCN (DPL NO)
LC control number ENG-113513
020 ## - INTERNATIONAL STANDARD BOOK NUMBER
Terms of availability 1450.00
International Standard Book Number 9789351480150
020 ## - INTERNATIONAL STANDARD BOOK NUMBER
Terms of availability 1450.00
International Standard Book Number 9351480151
035 ## - SYSTEM CONTROL NUMBER
System control number EN-97045
037 ## - SOURCE OF ACQUISITION
Source of stock number/acquisition DBAD/PUB
082 ## - DEWEY DECIMAL CLASSIFICATION NUMBER
Classification number 280
100 ## - MAIN ENTRY--PERSONAL NAME
Personal name D'Souza, Romero
245 ## - TITLE STATEMENT
Title Christian cosmology :
Statement of responsibility, etc by Romero D' Souza
Remainder of title a manual of philosophy & theology /
260 ## - PUBLICATION, DISTRIBUTION, ETC. (IMPRINT)
Place of publication, distribution, etc New Delhi
Name of publisher, distributor, etc Christian World Imprints
Date of publication, distribution, etc 2014
270 ## - ADDRESS
Address H-12 Bali Nagar
City New Delhi
Postal code 110015
300 ## - PHYSICAL DESCRIPTION
Extent xxvi,446p.
Dimensions 24cm(Hb)
490 ## - SERIES STATEMENT
Series statement Christian heritage rediscovered-7
500 ## - GENERAL NOTE
General note Includes bibliographical references and index
942 ## - ADDED ENTRY ELEMENTS (KOHA)
Source of classification or shelving scheme Dewey Decimal Classification
Item type English Books
Call number suffix DSO
Classification part 280
Holdings
Withdrawn status Lost status Not for loan Collection code Home library Current library Date acquired Source of acquisition Cost, normal purchase price Full call number Barcode Copy number Cost, replacement price Koha item type
    Not For Loan Non-fiction D.B.Act.Division D.B.Act.Division 16/07/2015 DBAD/PUB 1450.00 280 DSO EN-97045 1 1450.00 English Books

© Delhi Public Library
Hit Counter
free hit counter